Οικονομική ανάπτυξη : θεωρίες και στρατηγικές

Αποθηκεύτηκε σε:
Λεπτομέρειες βιβλιογραφικής εγγραφής
Κύριος συγγραφέας: Ρέππας, Παναγιώτης Α.
Μορφή: Βιβλίο
Γλώσσα:Greek
Δημοσίευση: Αθήνα : Παπαζήση, 2002
Έκδοση:2η έκδ.
Θέματα:
Ετικέτες: Προσθήκη ετικέτας
Δεν υπάρχουν, Καταχωρήστε ετικέτα πρώτοι!

MARC

LEADER 00000cam a2200000 i 4500
001 1/46115
008 070613s2002 gre d
020 |a 960-02-1630-4 (set) 
020 |a 960-02-1631-2 (τ.Α) 
020 |a 960-02-1632-0 (τ.Β) 
035 |l 10088293 
040 |a GR-MY-UA  |b gre  |e aacr 
041 0 |a gre 
082 0 |a 338.9 
100 1 |a Ρέππας, Παναγιώτης Α. 
245 1 0 |a Οικονομική ανάπτυξη :  |b θεωρίες και στρατηγικές /  |c Παναγιώτης Α. Ρέππας 
250 |a 2η έκδ. 
260 |a Αθήνα :   |b Παπαζήση,   |c 2002 
300 |a 2τ.;  |b σχεδ.;  |c 24 εκ. 
504 |a Περιέχει βιβλιογραφία  
505 0 |a Τ.1. εννοιλογικές και ποσοτικές διαστάσεις, κλασικές & νεοκλασικές θεωρίες, τα μαθηματικά υποδείγματα μεγέθυνσης, οι εκσυγχρονιστικές θεωρίες υπανάπτυξης -- τ.2. ανισότητες και στρατηγικές αναδιανομής, μαρξιστικές-νεομαρξιστικές θεωρίες, στρατηγικές διεθνούς εμπορίου και ανάπτυξης 
650 0 0 |a Economic development. 
852 |a INST  |b LESVOS  |e 20070613  |h 338.9 ΡΕΠ  |p 005100038079  |q 005100038079  |t BK  |y 0  |z τ.Β 
852 |a INST  |b LESVOS  |e 20070613  |h 338.9 ΡΕΠ  |p 005100038080  |q 005100038080  |t BK  |y 0  |z τ.Α 
852 |a INST  |b LESVOS  |e 20120321  |h 338.9 ΡΕΠ  |p 005100050588  |q 005100050588  |t BK  |y 0  |z τ.B 
852 |a INST  |b LESVOS  |e 20120321  |h 338.9 ΡΕΠ  |p 005100050589  |q 005100050589  |t BK  |y 0  |z τ.A 
852 |a INST  |b LESVOS  |e 20070613  |h 338.9 ΡΕΠ  |p 005100038079  |q 005100038079  |t BK  |v τ.Β:  |y 0  |z τ.Β 
852 |a INST  |b LESVOS  |e 20070613  |h 338.9 ΡΕΠ  |p 005100038080  |q 005100038080  |t BK  |v τ.Α:  |y 0  |z τ.Α 
852 |a INST  |b LESVOS  |e 20120321  |h 338.9 ΡΕΠ  |p 005100050588  |q 005100050588  |t BK  |v τ.B:  |y 0  |z τ.B 
852 |a INST  |b LESVOS  |e 20120321  |h 338.9 ΡΕΠ  |p 005100050589  |q 005100050589  |t BK  |v τ.A:  |y 0  |z τ.A 
853 |a INST  |b LESVOS  |h 338.9 ΡΕΠ 
901 |a BIBL-2007-2 
901 |a BIBL1-2012-1 
909 |a Λ  |b 135103 
909 |a Λ  |b 135104 
909 |a Λ  |b 173589 
909 |a Λ  |b 173590 
922 |a 1ΕΛΗ  |b 200705  |c ΕΠΕΑΕΚ2/ΤΚΑ  |d Σ. ΠΑΤΑΚΗΣ 
970 |a ΚΑΡΑ  |b ΓΙΑΣΕΜΗ  |z 2007/06/13